• 首页
  • 本馆介绍
  • 公告通知
  • 最新文献
  • 馆藏检索
  • 电子资源
  • 读者导购
  • 参考咨询
  • 我的图书馆
  • 登录
  • 详细信息显示
  • 放入我的书架
  • 预约/预借图书
  • 作者相关作品
  • 分类相关作品
  • 丛书相关作品
  • 出版社相关作品

书目信息

  • 表格格式
  • 工作单格式
  • 卡片格式
题名:
教学艺术论
    
 
作者: 汪刘生 , 白莉 著
分册:  
出版信息: 南昌   江西教育出版社  1996
页数: 257页
开本: 20cm
丛书名: 教学论丛书
单 册:
中图分类: G42 , G40
科图分类:
主题词: 教育学
电子资源:
ISBN: 7-5392-1963-7
000 00663nam2 2200253 450
001 1536421867
005 20150126100725.06
010    @a7-5392-1963-7@b精装@dCNY14.50
100    @a20021005d1996 emky0chiy0110 ea
101 0  @achi
102    @aCN@b360000
105    @ay z 000yy
200 1  @a教学艺术论@9jiao xue yi shu lun@f汪刘生,白莉著
210    @a南昌@c江西教育出版社@d1996
215    @a257页@d20cm
225 2  @a教学论丛书
461  0 @12001 @a教学论丛书
606 0  @a教育学
690    @aG42@v5
690    @aG40@v4
701  0 @a汪刘生@9wang liu sheng@4著
701  0 @a白莉@9bai li@4著
801  0 @aCN@bTSSF@c20150126
905    @aZUCC@dG40@eJY27
    
    教学艺术论/汪刘生,白莉著.-南昌:江西教育出版社,1996
    257页;20cm.-(教学论丛书)
    
    
    ISBN 7-5392-1963-7(精装):CNY14.50
    
●
相关链接 在E读中查询图书 在五车中查询图书 在当当中查询图书 在豆瓣中查询图书


正题名:教学艺术论     索取号:G40/JY27         预约/预借

序号 登录号 条形码 馆藏地/架位号 状态 备注
1 7859838   278598386   学院路分馆/ [索取号:G40/JY27] 在馆    
2 7859839   278598395   学院路分馆/ [索取号:G40/JY27] 在馆    
唐山师范学院图书馆 欢迎您!
大连网信软件有限公司© 版权所有